<?xml version="1.0" encoding="UTF-8"?>
<record
    xmlns:xsi="http://www.w3.org/2001/XMLSchema-instance"
    xsi:schemaLocation="http://www.loc.gov/MARC21/slim http://www.loc.gov/standards/marcxml/schema/MARC21slim.xsd"
    xmlns="http://www.loc.gov/MARC21/slim">

  <leader>00619nam a22002057a 4500</leader>
  <controlfield tag="005">20250603145703.0</controlfield>
  <datafield tag="010" ind1=" " ind2=" ">
    <subfield code="a">ENG-145139</subfield>
  </datafield>
  <datafield tag="020" ind1=" " ind2=" ">
    <subfield code="a">9788195742806</subfield>
    <subfield code="c">999.00</subfield>
  </datafield>
  <datafield tag="035" ind1=" " ind2=" ">
    <subfield code="a">EN-128671</subfield>
  </datafield>
  <datafield tag="037" ind1=" " ind2=" ">
    <subfield code="b">DBAD</subfield>
  </datafield>
  <datafield tag="082" ind1=" " ind2=" ">
    <subfield code="a">954</subfield>
  </datafield>
  <datafield tag="100" ind1=" " ind2=" ">
    <subfield code="a">Hegde, Parameshwar</subfield>
    <subfield code="9">81589</subfield>
  </datafield>
  <datafield tag="245" ind1=" " ind2=" ">
    <subfield code="a">Ancient European History/</subfield>
    <subfield code="c">Parameshwar Hegde</subfield>
  </datafield>
  <datafield tag="260" ind1=" " ind2=" ">
    <subfield code="a">Ghaziabad</subfield>
    <subfield code="b">KANHYA PUBLISHER</subfield>
    <subfield code="c">2022</subfield>
  </datafield>
  <datafield tag="270" ind1=" " ind2=" ">
    <subfield code="a">Ground Floor ,260 Shaktikhand III Indirapuram</subfield>
    <subfield code="b">Delhi NCR</subfield>
    <subfield code="e">201010</subfield>
    <subfield code="m">kanhyapublisher@gmail.com</subfield>
  </datafield>
  <datafield tag="300" ind1=" " ind2=" ">
    <subfield code="a">321 p.</subfield>
    <subfield code="c">22 cm.(Pb)</subfield>
  </datafield>
  <datafield tag="490" ind1=" " ind2=" ">
    <subfield code="v"> </subfield>
  </datafield>
  <datafield tag="500" ind1=" " ind2=" ">
    <subfield code="a">Ancient History</subfield>
  </datafield>
  <datafield tag="942" ind1=" " ind2=" ">
    <subfield code="2">ddc</subfield>
    <subfield code="c">EN</subfield>
    <subfield code="h">954</subfield>
    <subfield code="m">HEG</subfield>
  </datafield>
  <datafield tag="999" ind1=" " ind2=" ">
    <subfield code="c">211536</subfield>
    <subfield code="d">211536</subfield>
  </datafield>
  <datafield tag="952" ind1=" " ind2=" ">
    <subfield code="0">0</subfield>
    <subfield code="1">0</subfield>
    <subfield code="4">0</subfield>
    <subfield code="7">0</subfield>
    <subfield code="8">NFIC</subfield>
    <subfield code="a">NPL</subfield>
    <subfield code="b">NPL</subfield>
    <subfield code="d">2025-06-03</subfield>
    <subfield code="e">Delivery of Books Act Division</subfield>
    <subfield code="g">999.00</subfield>
    <subfield code="l">0</subfield>
    <subfield code="o">954 HEG</subfield>
    <subfield code="p">EN-128671</subfield>
    <subfield code="r">2025-06-03 00:00:00</subfield>
    <subfield code="t">1</subfield>
    <subfield code="v">999.00</subfield>
    <subfield code="w">2025-06-03</subfield>
    <subfield code="y">EN</subfield>
  </datafield>
</record>
